000 00700nam a2200181 i 4500
001 47167
003 ES-MaACL
005 20250809030823.0
007 t|
008 030404s1808 fr ||||1| fre d
245 0 0 _aConsulat de la mer, ou pandectes du droit commercial et maritime, faisant loi en Espagnem en Italie, a Marselle et en Anglaterre... /
_ctraduit du catalan en français, d'après l'edition originale de Barcelonne, de l'an 1494... par P.B. Boucher...
260 _aParis :
_bArthrus Bertrand,
_c1808.
300 _a2 v. ;
_c21 cm.
650 0 7 _aDerecho marítimo
_2embne
_911730
700 1 _aBoucher, Pierre B.
_9149975
852 _aES-MaACL
_jG-12588-89
999 _c47167
_d47167